• 首页
  • 本馆介绍
  • 公告通知
  • 最新文献
  • 馆藏检索
  • 电子资源
  • 读者导购
  • 参考咨询
  • 我的图书馆
  • 登录
  • 详细信息显示
  • 放入我的书架
  • 预约/预借图书
  • 作者相关作品
  • 分类相关作品
  • 丛书相关作品
  • 出版社相关作品

书目信息

  • 表格格式
  • 工作单格式
  • 卡片格式
题名:
初一植物自学解难
    
 
作者: ;北京市海淀区教师进修学校 主编
分册:  
出版信息: 重庆   重庆出版社  1987
页数: 219页
开本: 19cm
丛书名: 中学课程课外读物
单 册:
中图分类: G634.91 , G633.91
科图分类:
主题词: 植物学--初中--自学参考资料 , 教育--各级
电子资源:
ISBN: 7-5366-0102-6
000 00905nam2 2200301 45
001 0187002734
005 20040506134611.9
010    @a7-5366-0102-6@dCNY1.15
100    @a19950804d1987 demy0chiy0121 ea
101 0  @achi
102    @aCN@b510000
105    @ay zq 000yy
106    @ar
200 10 @a初一植物自学解难@Achu yi zhi wu zi xue jie nan@f北京市海淀区教师进修学校主编
205    @a2版
210    @a重庆@c重庆出版社@a北京@c华夏出版社@d1987
215    @a219页@d19cm
225 2  @a中学课程课外读物
300    @a附参考答案
410  0 @120010@a中学课程课外读物
606    @a植物学@x初中@x自学参考资料
606 0  @a教育@x各级
690    @aG634.91@v3
690    @aG633.91
711 02 @a北京市海淀区教师进修学校@Abei jing shi hai dian qu jiao shi jin xiu xue xiao@4主编
801  0 @aCN@b深圳图书馆@c20040506
801  2 @aCN@bNLC@c20040506
905    @f3@b252832-834@dG633.91@e40:1=2
    
    初一植物自学解难/北京市海淀区教师进修学校主编.-2版.-重庆:重庆出版社;北京:华夏出版社,1987
    219页;19cm.-(中学课程课外读物)
    附参考答案
    
    ISBN 7-5366-0102-6:CNY1.15
    
●
相关链接 在E读中查询图书 在五车中查询图书 在当当中查询图书 在豆瓣中查询图书


正题名:初一植物自学解难     索取号:G633.91/40:1=2         预约/预借

序号 登录号 条形码 馆藏地/架位号 状态 备注
1 0252832   000259071   密集书库/ [索取号:G633.91/40:1=2] 在馆    
2 0252833   000259017   密集书库/ [索取号:G633.91/40:1=2] 在馆    
3 0252834   000259080   密集书库/ [索取号:G633.91/40:1=2] 在馆    
4 0252835   000259026   第一样本阅览室/ [索取号:G633.91/40:1=2] 在馆    
唐山师范学院图书馆 欢迎您!
大连网信软件有限公司© 版权所有